000 00430nam a2200181Ia 4500
001 1884
005 20260306143801.0
008 260306t2011||||xx |||||||||||||| ||spa||
041 _aESP
082 _a158.1
_bC28
100 _aDale Carnegie Training
_eAUT
245 0 _aLas 5 habilidades esenciales para tratar con personas
260 _c2011
300 _a
_c
650 _aGEN
654 _aCPS
942 _cLIB
_dJUS
_fJUS
_2ddc
_n
999 _c1884
_d1884